[Event "Malyszko mem corr"]
[Site "Poland"]
[Date "1992.??.??"]
[Round "?"]
[White "Borucki, Bogumil"]
[Black "Adamowski, Andrzej"]
[Result "1/2-1/2"]
[WhiteElo "2000"]
[BlackElo "2000"]
[PlyCount "54"]
[EventDate "1992.??.??"]
[EventType "tourn (corr)"]
[EventRounds "6"]
[EventCountry "POL"]
[SourceTitle "Corr 2006"]
[Source "ChessBase"]
[SourceDate "2006.04.01"]
[SourceVersion "3"]
[SourceVersionDate "2006.04.01"]
[SourceQuality "1"]

1. b4 e5 2. Bb2 Bxb4 3. Bxe5 Nf6 4. c4 d6 5. Bb2 0-0 6. Nf3 Nc6 7. e3 Bg4 8. Be2 Re8 9. 0-0 Qe7 10. d4 Ne4 11. Nfd2 Bxe2 12. Qxe2 Nxd2 13. Nxd2 Bxd2 14. Qxd2 f6 15. Rfe1 Rad8 16. Rac1 b6 17. e4 Na5 18. f4 c5 19. d5 Qd7 20. Qc2 Qg4 21. g3 Qf3 22. Qe2 Qxe2 23. Rxe2 Re7 24. Kf2 Rde8 25. Kf3 Kf7 26. h4 h5 27. Rcc2 Kg6 1/2-1/2

[Event "Malyszko mem corr"]
[Site "Poland"]
[Date "1992.??.??"]
[Round "?"]
[White "Kwiek, Janusz"]
[Black "Borucki, Bogumil"]
[Result "0-1"]
[WhiteElo "2000"]
[BlackElo "2000"]
[PlyCount "43"]
[EventDate "1992.??.??"]
[EventType "tourn (corr)"]
[EventRounds "6"]
[EventCountry "POL"]
[SourceTitle "Corr 2006"]
[Source "ChessBase"]
[SourceDate "2006.04.01"]
[SourceVersion "3"]
[SourceVersionDate "2006.04.01"]
[SourceQuality "1"]

1. b4 e5 2. Bb2 Bxb4 3. Bxe5 Nf6 4. c4 0-0 5. e3 Nc6 6. Bb2 d5 7. Nf3 Bg4 8. cxd5 Nxd5 9. Be2 Re8 10. 0-0 Qe7 11. Nd4 Bxe2 12. Nxe2 Red8 13. Nbc3 Nxc3 14. Nxc3 Rd3 15. Qc2 Rad8 16. Bc1 Qc5 17. Rb1 b6 18. Qa4 Bxc3 19. dxc3 Rxc3 20. Qf4 Qd6 21. Qa4 Qd3 22. Bb2 0-1

[Event "Malyszko mem corr"]
[Site "Poland"]
[Date "1991.??.??"]
[Round "?"]
[White "Borucki, Bogumil"]
[Black "Frysiak, Adam"]
[Result "1-0"]
[WhiteElo "2000"]
[BlackElo "1800"]
[PlyCount "61"]
[EventDate "1991.??.??"]
[EventType "tourn (corr)"]
[EventRounds "6"]
[EventCountry "POL"]
[SourceTitle "Corr 2006"]
[Source "ChessBase"]
[SourceDate "2006.04.01"]
[SourceVersion "3"]
[SourceVersionDate "2006.04.01"]
[SourceQuality "1"]

1. b4 d5 2. Bb2 Nf6 3. e3 e6 4. b5 c5 5. Nf3 Bd6 6. c4 Nbd7 7. Be2 0-0 8. 0-0 b6 9. d3 Bb7 10. Nbd2 Qe7 11. a4 a6 12. bxa6 Bxa6 13. d4 dxc4 14. Bxc4 Bxc4 15. Nxc4 Bc7 16. Qb3 Nd5 17. Rfd1 Rfb8 18. Qb5 N7f6 19. Nfd2 Nb4 20. Nb3 Nfd5 21. Ne5 f6 22. Nf3 Nc2 23. Rac1 Ndb4 24. Rd2 cxd4 25. Nfxd4 Nxd4 26. Bxd4 Nd5 27. Rdc2 Qd6 28. g3 e5 29. Bb2 Ra7 30. Ba3 Qe6 31. e4 1-0

[Event "Malyszko mem corr"]
[Site "Poland"]
[Date "1991.??.??"]
[Round "?"]
[White "Wozniak, Andrzej"]
[Black "Borucki, Bogumil"]
[Result "0-1"]
[WhiteElo "1800"]
[BlackElo "2000"]
[PlyCount "52"]
[EventDate "1991.??.??"]
[EventType "tourn (corr)"]
[EventRounds "6"]
[EventCountry "POL"]
[SourceTitle "Corr 2006"]
[Source "ChessBase"]
[SourceDate "2006.04.01"]
[SourceVersion "3"]
[SourceVersionDate "2006.04.01"]
[SourceQuality "1"]

1. b4 e5 2. a3 d5 3. Bb2 Bd6 4. Nf3 Qe7 5. c4 dxc4 6. e4 b5 7. a4 c6 8. axb5 cxb5 9. Nc3 Qb7 10. d3 Bxb4 11. Nxe5 Nc6 12. Nxc6 Qxc6 13. f3 Be6 14. d4 Bd7 15. Be2 Ne7 16. 0-0 0-0 17. Na2 Ba5 18. Ba3 Rfe8 19. Kh1 Bb6 20. d5 Qb7 21. Nc3 a6 22. Rb1 Qa7 23. d6 Nc6 24. f4 Nd4 25. e5 Nxe2 26. Qxe2 Bc6 0-1